अध्यातम-मीमांसा / (Record no. 120534)
[ view plain ]
| 000 -LEADER | |
|---|---|
| fixed length control field | 01039nam a22002537a 4500 |
| 005 - DATE AND TIME OF LATEST TRANSACTION | |
| control field | 20170124103159.0 |
| 010 ## - LIBRARY OF CONGRESS CONTROL NUMBER | |
| LC control number | B-074142 |
| 020 ## - INTERNATIONAL STANDARD BOOK NUMBER | |
| Terms of availability | 295.00 |
| 035 ## - SYSTEM CONTROL NUMBER | |
| System control number | B-074142 |
| 037 ## - SOURCE OF ACQUISITION | |
| Source of stock number/acquisition | Cen Lib/Ret |
| 040 ## - CATALOGING SOURCE | |
| Original cataloging agency | DPL |
| Language of cataloging | HN |
| 082 ## - DEWEY DECIMAL CLASSIFICATION NUMBER | |
| Classification number | 230.3 |
| Item number | सरस्व |
| 100 ## - MAIN ENTRY--PERSONAL NAME | |
| Personal name | सरस्वती, स्वामी विधानंद |
| 9 (RLIN) | 81013 |
| 245 ## - TITLE STATEMENT | |
| Title | अध्यातम-मीमांसा / |
| Statement of responsibility, etc | स्वामी विधानंद सरस्वती |
| 246 ## - VARYING FORM OF TITLE | |
| Title proper/short title | Adhyatam-mimaansa / |
| Remainder of title | by Swami Vidhanand saraswati |
| 260 ## - PUBLICATION, DISTRIBUTION, ETC. (IMPRINT) | |
| Place of publication, distribution, etc | दिल्ली |
| Name of publisher, distributor, etc | संस्कार प्रकाशन |
| Date of publication, distribution, etc | 2000 |
| 270 ## - ADDRESS | |
| Address | 4408, नई सड़क |
| City | दिल्ली |
| Postal code | 110006 |
| 300 ## - PHYSICAL DESCRIPTION | |
| Extent | 320पृ. |
| Dimensions | 21सेमी(सजिल्द) |
| 650 ## - SUBJECT ADDED ENTRY--TOPICAL TERM | |
| Topical term or geographic name as entry element | हिंदू धर्म |
| 9 (RLIN) | 90910 |
| 650 ## - SUBJECT ADDED ENTRY--TOPICAL TERM | |
| Topical term or geographic name as entry element | हिंदू धर्म--त्रिग्वेद |
| 9 (RLIN) | 44305 |
| 650 ## - SUBJECT ADDED ENTRY--TOPICAL TERM | |
| Topical term or geographic name as entry element | Hindu Religion |
| 9 (RLIN) | 90911 |
| 650 ## - SUBJECT ADDED ENTRY--TOPICAL TERM | |
| Topical term or geographic name as entry element | Hinduism--Trigveda |
| 9 (RLIN) | 90912 |
| 942 ## - ADDED ENTRY ELEMENTS (KOHA) | |
| Source of classification or shelving scheme | Dewey Decimal Classification |
| Koha item type | Hindi Books |
| Classification part | 230.3 |
| Call number suffix | सरस्व |
| Withdrawn status | Lost status | Damaged status | Not for loan | Home library | Current library | Date acquired | Source of acquisition | Cost, normal purchase price | Total Checkouts | Total Renewals | Full call number | Barcode | Date last seen | Date checked out | Copy number | Cost, replacement price | Price effective from | Koha item type |
|---|---|---|---|---|---|---|---|---|---|---|---|---|---|---|---|---|---|---|
| Central Library | Central Library | 23/09/2015 | Cen Lib/Ret | 295.00 | 4 | 2 | 230.3 सरस्व | B-074142 | 01/12/2019 | 18/11/2019 | 1 | 295.00 | 23/09/2015 | Hindi Books |
